| 000 | 00000nam##2200000za#4500 |
| 001 | 9.679309 |
| 003 | CaOODSP |
| 005 | 20220107134005 |
| 007 | ta |
| 008 | 150407|1994||||xxc||||| f|0| 0 fre|d |
| 020 | |a0-662-99395-0 |
| 040 | |aCaOODSP|bfre |
| 043 | |an-cn--- |
| 086 | 1 |aH72-21/116-1994F |
| 110 | 2 |aCentre national d'information sur la violence dans la famille (Canada) |
| 245 | 10|aProgrès réalisés dans la prévention de la violence envers les femmes: profil d'aujourd'hui et esquisse de demain / |cPréparé par Linda MacLeod. |
| 260 | |aOttawa - Ontario : |bSanté Canada. |c1994. |
| 300 | |a50p. : |bréférences ; |c28 cm. |
| 500 | |a«L'auteur du présent rapport tentera d'examiner la contribution d'un vaste échantillon de programmes financés par la Division de la prévention de la violence familiale à l'élargissement du corpus des connaissances sur la prévention et aux progrès réalisés dans le domaine.»--Page 7. |
| 520 | 3 |aL'auteur du présent rapport tentera d'examiner la contribution d'un vaste échantillon de programmes financés par la Division de la prévention de la violence familiale à l'élargissement du corpus des connaissances sur la prévention et aux progrès réalisés dans le domaine.--Page 7 |
| 563 | |aCouverture souple |
| 590 | |a94-39|b1994-09-30 |
| 691 | 07|aViolence faite aux femmes|2gcpds |
| 720 | 1 |aMacLeod, Linda |
| 775 | 08|tUnderstanding and charting our progress towards the prevention of woman abuse / |w(CaOODSP)9.645657 |
| 776 | 0#|tProgrès réalisés dans la prévention de la violence envers les femmes : |w(CaOODSP)9.639683 |